| 000 | 00485nam a2200145Ia 4500 | ||
|---|---|---|---|
| 008 | 231217s9999 xx 000 0 und d | ||
| 041 | _aEnglish | ||
| 082 | _a001.6443 RAO;11 | ||
| 100 | _aRao, K R Bojkovic, Zoran S Milovanovic, Dragorad A | ||
| 245 | 0 | _aMultimedia communication systems : techniques, standards, and networks | |
| 260 |
_c2002 _bPHI _aNew Delhi |
||
| 300 | _axxvi+545 | ||
| 650 | _aMultimedia,communication,systems,:,techniques,,standards,,networks | ||
| 942 | _cAA | ||
| 999 |
_c175231 _d175231 |
||